00486nam a2200193 a 4500001001300000003000900013005001700022008004100039020002300080082001300103100001500116245003900131260003800170300000900208500003500217505001000252650001500262700001500277nice12345678IN_TiNIC20260116014523.0100309s2009 dela grp 000 0 eng  a9788184551310c75000a150bDUB aDubey, K C aIntroduction to General Psychology aDelhi bOmega Publications c2009 a264p aincludes index and biblioraphy2 aindex aPsychology1 aDubey, K C